000 00955nam a22002657a 4500
999 _c5096
_d5096
003 AR-CdUCM
008 190312b ||||| |||| 00| 0 spa d
040 _aMUNICIPALIDAD PROVINCIAL DEL CUSCO
_cBIBLIOTECA MUNICIPAL DEL CUSCO
041 _heng
082 _a330.95 /
_bP45
100 _aPerroux, Francois
_915507
245 _aLa economía del siglo XX /
260 _aBarcelona :
_bAriel,
_c1961.
300 _a611 páginas ;
_c23 cm.
505 _aLa economía dominante -- Una teoría de la economía dominante -- La economía dominante y y el equilibrio internacional -- La competencia y el efecto de dominación...
650 _aEconomía.
_9382
650 _aSIglo XX.
_97898
650 _aEconomía dominante.
_915508
650 _aCompetencia monopolista.
_915509
650 _aMonopolio.
_92677
700 _aPetit Fontseré, Jorge
_915510
700 _aLluch Martin, Ernesto (traductores)
_915511
942 _2ddc
_cLIBROS
945 _awfj